How to read literature / (Record no. 607641)
[ view plain ]
| 000 -LEADER | |
|---|---|
| fixed length control field | 01267cam a2200337 a 4500 |
| 001 - CONTROL NUMBER | |
| control field | 17649028 |
| 003 - CONTROL NUMBER IDENTIFIER | |
| control field | NUST |
| 005 - DATE AND TIME OF LATEST TRANSACTION | |
| control field | 20240202160928.0 |
| 008 - FIXED-LENGTH DATA ELEMENTS--GENERAL INFORMATION | |
| fixed length control field | 130305s2013 ctu 001 0 eng |
| 010 ## - LIBRARY OF CONGRESS CONTROL NUMBER | |
| LC control number | 2013001802 |
| Canceled/invalid LC control number | 2013934188 |
| 020 ## - INTERNATIONAL STANDARD BOOK NUMBER | |
| International Standard Book Number | 9780300190960 |
| 038 ## - RECORD CONTENT LICENSOR | |
| Staff Name | AZHAR |
| 040 ## - CATALOGING SOURCE | |
| Original cataloging agency | DLC |
| Transcribing agency | DLC |
| Modifying agency | DLC |
| 042 ## - AUTHENTICATION CODE | |
| Authentication code | pcc |
| 050 00 - LIBRARY OF CONGRESS CALL NUMBER | |
| Classification number | PN49 |
| Item number | .E254 2013 |
| 082 ## - DEWEY DECIMAL CLASSIFICATION NUMBER | |
| Classification number | 801 |
| Edition number | 23 |
| Author Mark | EAG |
| 100 1# - MAIN ENTRY--PERSONAL NAME | |
| Personal name | Eagleton, Terry, |
| Dates associated with a name | 1943- |
| Relator term | author. |
| 9 (RLIN) | 120272 |
| 245 10 - TITLE STATEMENT | |
| Title | How to read literature / |
| Statement of responsibility, etc. | Terry Eagleton. |
| 260 ## - PUBLICATION, DISTRIBUTION, ETC. | |
| Place of publication, distribution, etc. | New Haven ; |
| -- | London : |
| Name of publisher, distributor, etc. | Yale University Press, |
| Date of publication, distribution, etc. | c2013. |
| 300 ## - PHYSICAL DESCRIPTION | |
| Extent | x, 216 pages ; |
| Dimensions | 22 cm. |
| 500 ## - GENERAL NOTE | |
| General note | Includes index. |
| 505 0# - FORMATTED CONTENTS NOTE | |
| Formatted contents note | Openings -- Character -- Narrative -- Interpretation -- Value. |
| 650 #0 - SUBJECT ADDED ENTRY--TOPICAL TERM | |
| Topical term or geographic name entry element | Literature |
| General subdivision | Philosophy. |
| 9 (RLIN) | 120273 |
| 650 #0 - SUBJECT ADDED ENTRY--TOPICAL TERM | |
| Topical term or geographic name entry element | Authors and readers. |
| 9 (RLIN) | 120274 |
| 650 #0 - SUBJECT ADDED ENTRY--TOPICAL TERM | |
| Topical term or geographic name entry element | Literature |
| General subdivision | History and criticism |
| -- | Theory, etc. |
| 9 (RLIN) | 45927 |
| 650 #0 - SUBJECT ADDED ENTRY--TOPICAL TERM | |
| Topical term or geographic name entry element | Reader-response criticism. |
| 9 (RLIN) | 120275 |
| 650 #0 - SUBJECT ADDED ENTRY--TOPICAL TERM | |
| Topical term or geographic name entry element | Literature |
| General subdivision | Explication. |
| 9 (RLIN) | 120276 |
| 906 ## - LOCAL DATA ELEMENT F, LDF (RLIN) | |
| a | 7 |
| b | cbc |
| c | orignew |
| d | 1 |
| e | ecip |
| f | 20 |
| g | y-gencatlg |
| 942 ## - ADDED ENTRY ELEMENTS (KOHA) | |
| Source of classification or shelving scheme | |
| Koha item type | Book |
| Withdrawn status | Lost status | Source of classification or shelving scheme | Damaged status | Not for loan | Permanent Location | Current Location | Date acquired | Total Checkouts | Full call number | Barcode | Date last seen | Price effective from | Koha item type |
|---|---|---|---|---|---|---|---|---|---|---|---|---|---|
| Central Library (CL) | Central Library (CL) | 02/02/2024 | 801 EAG | CL-1511 | 07/15/2025 | 02/02/2024 | Book |
